|
|
|
|
| LEADER |
01998nam a2200505 a 4500 |
| 001 |
nkc20051583502 |
| 003 |
CZ PrNK |
| 005 |
20201123100315.0 |
| 007 |
ta |
| 008 |
050926s2005 xr a f 000 0 eng |
| 015 |
|
|
|a cnb001583502
|
| 020 |
|
|
|a 80-86416-44-5
|q (brož.)
|
| 035 |
|
|
|a (OCoLC)85163023
|
| 040 |
|
|
|a BOA001
|b cze
|d ABA001
|
| 041 |
1 |
|
|a eng
|h cze
|
| 043 |
|
|
|a e-gx---
|
| 072 |
|
7 |
|a 623
|x Vojenská technika
|2 Konspekt
|9 19
|
| 080 |
|
|
|a 623.437.42
|2 MRF
|
| 080 |
|
|
|a (430)
|2 MRF
|
| 080 |
|
|
|a (084.12)
|2 MRF
|
| 100 |
1 |
|
|a Martinec, Jan,
|d 1954-
|7 jn99240000684
|4 aut
|
| 245 |
1 |
0 |
|a SLT 56 & SLT 50-3 in detail :
|b German modern tank transporters : photo manual for modelers /
|c [text Jan Martinec a František Kořán ; photos Josef Spurný]
|
| 246 |
1 |
4 |
|a German heavy tank transporters SLT 56 Franziska & SLT 50-3 Elefant
|
| 246 |
1 |
8 |
|a Bundeswehr tank transporters in detail
|
| 250 |
|
|
|a 1st ed.
|
| 260 |
|
|
|a Prague :
|b RAK,
|c 2005
|
| 300 |
|
|
|a 72 s. :
|b barev. il. ;
|c 23 x 24 cm +
|e český text a popis k fotografiím ([4] s.)
|
| 490 |
1 |
|
|a WWP - Wings & wheels publications. Present vehicle line ;
|v no. 10
|
| 500 |
|
|
|a Přeloženo z češtiny
|
| 650 |
0 |
7 |
|a vojenské tahače
|7 ph135751
|z Německo
|2 czenas
|
| 650 |
0 |
7 |
|a Faun SLT 56 (nákladní automobil)
|7 ph314943
|2 czenas
|
| 650 |
0 |
7 |
|a Faun SLT 50-3 (nákladní automobil)
|7 ph314944
|2 czenas
|
| 650 |
0 |
9 |
|a military tractors
|z Germany
|2 eczenas
|
| 650 |
0 |
9 |
|a Faun SLT 50-3
|2 eczenas
|
| 650 |
0 |
9 |
|a Faun SLT 56 (truck)
|2 eczenas
|
| 655 |
|
7 |
|a fotografické publikace
|7 fd132276
|2 czenas
|
| 655 |
|
9 |
|a photographical works
|2 eczenas
|
| 700 |
1 |
|
|a Kořán, František,
|d 1963-
|7 jn20001103188
|4 aut
|
| 700 |
1 |
|
|a Spurný, Josef
|7 ola2006323578
|4 pht
|
| 830 |
|
0 |
|a WWP - Wings & wheels publications.
|p Present vehicle line
|0 s
|
| 910 |
2 |
|
|a BOA001
|b 2-1158.230
|
| 990 |
|
|
|a BK
|
| 995 |
|
|
|a 01
|
| 991 |
|
|
|b 200510
|c NOV
|
| 996 |
6 |
|
|b 2610260344
|c 2-1158.230
|l MZK
|r Sklad / do 1 hodiny
|n 1
|p p.v.
|w 000790844
|u 000010
|a 1
|e BOA001
|j MZK50
|s P
|